000 00911naa a2200241 4500
005 20090523161136.0
008 090523t xxu||||| |||| 00| 0 eng d
010 _aENG-93693
020 _a9788131305416
_c2995.00
035 _aEN-77226
037 _bDBAD / PUB
040 _adpl
_bEnglish
082 _a660.62
245 _aMicrobial biotechnology /
_cedited by J.P. Tewari...[et al]
260 _aNew Delhi
_bAPH Publishing
_c2009
270 _a4435/36-7, Ansari Road, Daryaganj
_bNew Delhi
_e110 002
_k23274050
_maphbooks@vsnl.net
300 _axlviii, 567p.
_c26cm(Hb)
500 _aIncludes index
650 _aMicrobial biotechnology
700 _aTewari, J.P.
942 _adpl
_cEN
_2ddc
_mMIC
_h660.62
999 _c26743
_d26743